000 00506nam a2200181 i 4500
001 bg
100 1 _aBENJAMIN, Jack R.
245 0 _aProbability, statistics and decision for civil engineers /
_cJack R. Benjamin, C. Allin Cornell.
260 _aNew York :
_bMcGrow-Hill Book Company,
_c1970.
700 1 _aCORNELL, C. Allin
020 _a070045496
040 _cBPK
041 _apol
080 _a519.2:65.011
920 _a07-004549-6
942 _cKS
008 s pl f |000 0 pol
999 _c15538
_d15538
856 _uhttp://koha.tu.koszalin.pl/cgi-bin/koha/opac-detail.pl?biblionumber=15538
_yKatalog online BPK